00446nam a2200121 45000820013000001000043000132450128000562600061001843000007002457000043002529420012002959990017003070 a220.95051 aTerry, J. O; Slack, Jim & Evans, Steve10aChronological Bible storying :bAn introduction to the oral communication of the BiblecJ. O Terry; Jim Slack & Steve Evans aJohannesburgbInternational Publication Servicescc.1996 ap.1 aTerry, J. O; Slack, Jim & Evans, Steve 2ddccBK c64422d64396